000 00797nam a2200169 a 4500
008 130416s2012 ||||||||||||||||| || u
050 _aUNIDIR(02)
100 _aBrehm, Maya
245 1 0 _aProtecting civilians from the effects of explosive weapons: an analysis of international legal and policy standards
_cby Maya Brehm
260 _aGeneva:
_bUnited Nations Institute for Disarmament Research [UNIDIR]
_c2012
300 _axiii, 169p.: ill.
500 _aBibliography
650 _aINTERNATIONAL POLICY ISSUES ON EXPLOSIVE WEAPONS
650 _aEXPLOSIVE WEAPONS--EFFECTS OF
710 _aUnited Nations Institute for Disarmament Research (UNIDIR)
995 _FCBU-MAIN LIBRARY (Kitwe)
_M1
_UAVAILABLE
_WApr 18, 2013
_ZInternational Publications
999 _c55177
_d55177